The service revolution in South Asia/ (Record no. 35260)

MARC details
000 -LEADER
fixed length control field 01044nam a22002777a 4500
005 - DATE AND TIME OF LATEST TRANSACTION
control field 20100413153525.0
008 - FIXED-LENGTH DATA ELEMENTS--GENERAL INFORMATION
fixed length control field 100413t xxu||||| |||| 00| 0 eng d
010 ## - LCCN (DPL NO)
LC control number ENG-96034
020 ## - INTERNATIONAL STANDARD BOOK NUMBER
International Standard Book Number 0198065116
Terms of availability 795.00
020 ## - INTERNATIONAL STANDARD BOOK NUMBER
International Standard Book Number 9780198065111
Terms of availability 795.00
035 ## - SYSTEM CONTROL NUMBER
System control number EN-79567
037 ## - SOURCE OF ACQUISITION
Source of stock number/acquisition DBAD/PUB
040 ## - CATALOGING SOURCE
Original cataloging agency DPL
082 ## - DEWEY DECIMAL CLASSIFICATION NUMBER
Classification number 338.470954
245 ## - TITLE STATEMENT
Title The service revolution in South Asia/
Statement of responsibility, etc edited by Ejaz Ghani
260 ## - PUBLICATION, DISTRIBUTION, ETC. (IMPRINT)
Place of publication, distribution, etc New Delhi
Name of publisher, distributor, etc Oxford University Press
Date of publication, distribution, etc 2010
270 ## - ADDRESS
Address YMCA library building, Jai Singh Road
City New Delhi
Postal code 110001
300 ## - PHYSICAL DESCRIPTION
Extent xvii, 382p. ;
Dimensions 22 cm.(Hb)
500 ## - GENERAL NOTE
General note Includes index
650 ## - SUBJECT ADDED ENTRY--TOPICAL TERM
Topical term or geographic name as entry element Service industries
Geographic subdivision South Asia
650 ## - SUBJECT ADDED ENTRY--TOPICAL TERM
Topical term or geographic name as entry element Service industries
General subdivision Economic aspects
Geographic subdivision South Asia
651 ## - SUBJECT ADDED ENTRY--GEOGRAPHIC NAME
Geographic name South Asia
General subdivision Economic conditions
700 ## - ADDED ENTRY--PERSONAL NAME
Personal name Ghani, Ejaz
942 ## - ADDED ENTRY ELEMENTS (KOHA)
Source of classification or shelving scheme Dewey Decimal Classification
Item type English Books
Call number suffix SER
Classification part 338.470954
Holdings
Withdrawn status Lost status Source of classification or shelving scheme Materials specified (bound volume or other part) Damaged status Not for loan Collection code Home library Current library Date acquired Source of acquisition Cost, normal purchase price Total Checkouts Full call number Barcode Date last seen Copy number Cost, replacement price Koha item type
    Dewey Decimal Classification Hb   Not For Loan Non-fiction D.B.Act.Division D.B.Act.Division 13/03/2010 DBAD/PUB 795.00   338.470954 SER EN-79567 13/04/2010 1 795.00 English Books

© Delhi Public Library
Hit Counter
free hit counter